<?xml version="1.0" encoding="UTF-8"?>
<record
    xmlns:xsi="http://www.w3.org/2001/XMLSchema-instance"
    xsi:schemaLocation="http://www.loc.gov/MARC21/slim http://www.loc.gov/standards/marcxml/schema/MARC21slim.xsd"
    xmlns="http://www.loc.gov/MARC21/slim">

  <leader>00252nam a2200097Ia 4500</leader>
  <controlfield tag="001">985952</controlfield>
  <controlfield tag="005">20250826221052.0</controlfield>
  <controlfield tag="008">250824s9999    xx            000 0 und d</controlfield>
  <datafield tag="245" ind1=" " ind2="0">
    <subfield code="a">FUTBOL PROFES&#xD6;R&#xDC; DEHA ALTIN AYAK</subfield>
    <subfield code="c">S&#x130;N EREN</subfield>
  </datafield>
  <datafield tag="260" ind1=" " ind2=" ">
    <subfield code="b">DOKUZ YAYINLARI</subfield>
  </datafield>
  <datafield tag="999" ind1=" " ind2=" ">
    <subfield code="c">985952</subfield>
    <subfield code="d">985952</subfield>
  </datafield>
</record>
